名前に「中」を含む市 - Statistics

General Stats
  • This quiz has been taken 55 times
  • The average score is 9 of 10
Answer Stats
都道府県 市名 % Correct
東京都 府中市
100%
広島県 府中市
100%
群馬県 安中市
93%
岐阜県 中津川市
93%
大分県 中津市
93%
長野県 中野市
91%
愛媛県 四国中央市
91%
山梨県 中央市
89%
大阪府 豊中市
89%
福岡県 中間市
85%
No matching quizzes found
Score Distribution
Percent of People with Each Score
Percentile by Number Answered
Your Score History
You have not taken this quiz